000 00501nam a2200193 a 4500
005 20220622063520.0
008 031008s1997 mx r 000 0 spa d
020 _a9681654129
035 _aUPN01000129730
049 _aI
050 4 _aPZ90 M2.5
_bG6.2
100 1 _aGomi, Taro
245 1 0 _aA moverse /
_cTaro Gomi.
260 _aMéxico :
_bFCE.
_c1997.
300 _a16 h. :
_bil. col.
534 _pTraducción de:
_tMove!
650 0 _aAnimales
_vCuentos y leyendas
_9234
905 _aInfantil
999 _c101887
_d101887